| 000 -LEADER |
| fixed length control field |
00775nam a22002417a 4500 |
| 001 - CONTROL NUMBER |
| control field |
21366 |
| 003 - CONTROL NUMBER IDENTIFIER |
| control field |
BD-DhUAP |
| 005 - DATE AND TIME OF LATEST TRANSACTION |
| control field |
20211218151236.0 |
| 008 - FIXED-LENGTH DATA ELEMENTS--GENERAL INFORMATION |
| fixed length control field |
211211b2015 sz a|||| |||| 001 0 eng d |
| 020 ## - INTERNATIONAL STANDARD BOOK NUMBER |
| International Standard Book Number |
9783037681947 |
| 040 ## - CATALOGING SOURCE |
| Original cataloging agency |
BD-DhUAP |
| Language of cataloging |
Eng |
| Transcribing agency |
BD-DhUAP |
| Modifying agency |
BD-DhUAP |
| Description conventions |
BD-DhUAP |
| 082 ## - DEWEY DECIMAL CLASSIFICATION NUMBER |
| Edition number |
23 |
| Classification number |
725.51 KRA |
| 100 ## - MAIN ENTRY--PERSONAL NAME |
| Personal name |
Kramer, Sibylle. |
| 245 ## - TITLE STATEMENT |
| Title |
Yoga and spiritual retreats : |
| Statement of responsibility, etc. |
relaxing spaces to find oneself / |
| Remainder of title |
Sibylle Kramer. |
| 250 ## - EDITION STATEMENT |
| Edition statement |
1st edition |
| 260 ## - PUBLICATION, DISTRIBUTION, ETC. |
| Place of publication, distribution, etc. |
Salenstein: |
| Name of publisher, distributor, etc. |
Braun, |
| Date of publication, distribution, etc. |
2015. |
| 300 ## - PHYSICAL DESCRIPTION |
| Extent |
160 Pages: |
| Other physical details |
illustrations ; |
| Dimensions |
35 cm. |
| 504 ## - BIBLIOGRAPHY, ETC. NOTE |
| Bibliography, etc. note |
Includes index. |
| 600 ## - SUBJECT ADDED ENTRY--PERSONAL NAME |
| Personal name |
Resort architecture. |
| 650 ## - SUBJECT ADDED ENTRY--TOPICAL TERM |
| General subdivision |
Architecture. |
| Topical term or geographic name entry element |
Health resorts. |
| Chronological subdivision |
Design and construction. |
| 700 ## - ADDED ENTRY--PERSONAL NAME |
| Personal name |
Steinherz, Geoffrey. |
| Relator term |
translator. |
| 942 ## - ADDED ENTRY ELEMENTS (KOHA) |
| Source of classification or shelving scheme |
|
| Koha item type |
Book |